|
|
|
|
| LEADER |
00000cam a2200000 7i4500 |
| 001 |
0000001203 |
| 005 |
20140131.0 |
| 020 |
0 |
0 |
|a 9832181127
|
| 090 |
0 |
0 |
|a 581.63409595
|b SEM 2000
|
| 110 |
1 |
0 |
|a SEMINAR Medicinal Plants : Quality Herbal Products for Healthy Living
|j 1999
|k Kuala Lumpur
|
| 245 |
1 |
0 |
|a Proceedings of the Seminar Medicinal Plants : Quality Herbal Products for Healthy Living, 22- 23 June 1999
|c editors, Chang Yu Shyun ... (et al.)
|
| 260 |
0 |
0 |
|a Kuala Lumpur :
|b Institut Penyelidikan Perhutanan Malaysia ,
|c 2000
|
| 300 |
|
|
|a i, 206 p. :
|b ill. (some col.) ;
|c 26 cm.
|
| 440 |
0 |
0 |
|a Conference on Forestry and Forest Products Research (CFFPR) 1999 series
|
| 500 |
0 |
0 |
|a Includes bibliographical references
|
| 650 |
0 |
0 |
|a Herbals
|z Malaysia
|x Congresses
|
| 650 |
0 |
0 |
|a Herbs
|x Therapeutic use
|z Malaysia
|x Congresses
|
| 650 |
0 |
0 |
|a Medicinal plants
|z Malaysia
|x Congresses
|
| 700 |
0 |
1 |
|a Chang
|h Yu Shyun
|
| 710 |
1 |
1 |
|a Institut Penyelidikan Perhutanan Malaysia (FRIM)
|
| 998 |
|
|
|a JPSM
|
| 999 |
|
|
|a 0000002371
|b Monograph
|c Open Shelf
|e Default branch
|